• 首页
  • 本馆介绍
  • 公告通知
  • 最新文献
  • 馆藏检索
  • 电子资源
  • 读者导购
  • 参考咨询
  • 我的图书馆
  • 登录
  • 详细信息显示
  • 放入我的书架
  • 预约/预借图书
  • 作者相关作品
  • 分类相关作品
  • 丛书相关作品
  • 出版社相关作品

书目信息

  • 表格格式
  • 工作单格式
  • 卡片格式
题名:
中华人民共和国国家标准
    
 
作者: ;国家标准总局 发布
分册:   信息处理交换用七位编码字符集在穿孔纸带上的表示方法(GB1991-80)
出版信息:    1981
页数: 1页
开本: 29cm
丛书名:
单 册:
中图分类: T-652.1
科图分类:
主题词: 工业技术--规程 , 工业技术--标准
电子资源:
ISBN:
000 00864nam0 2200205 450
001 0759047008
005 20071003165915.37
010    @dCNY0.04
100    @a20071003d1981 km y0chiy0120 ea
101 0  @achi
200 1  @a中华人民共和国国家标准@Azhong hua ren min gong he guo guo jia biao zhun@i信息处理交换用七位编码字符集在穿孔纸带上的表示方法(GB1991-80)@f国家标准总局发布@Fguo jia biao zhun zong ju fa bu
210    @d1981
215    @a1页@d29cm
517 1  @a信息处理交换用七位编码字符集在穿孔纸带上的表示方法(GB1991-80)@Axin xi chu li jiao huan yong qi wei bian ma zi fu ji zai chuan kong zhi dai shang de biao shi fang fa(GB1991-80)
606 0  @a工业技术@x规程
606 0  @a工业技术@x标准
690    @aT-652.1@v4
711 02 @a国家标准总局@Aguo jia biao zhun zong ju@4发布
801  0 @aCN@b大连网信软件有限公司图书馆·11@c20071003
905    @aZUCC@dT-652.1@e101
    
    中华人民共和国国家标准.信息处理交换用七位编码字符集在穿孔纸带上的表示方法(GB1991-80)/国家标准总局发布.-1981
    1页;29cm
    
    
    ISBN :CNY0.04
    
●
相关链接 在E读中查询图书 在五车中查询图书 在当当中查询图书 在豆瓣中查询图书


正题名:中华人民共和国国家标准     索取号:T-652.1/101         预约/预借

序号 登录号 条形码 馆藏地/架位号 状态 备注
1 0041563   000864112   密集书库/ [索取号:T-652.1/101] 在馆    
唐山师范学院图书馆 欢迎您!
大连网信软件有限公司© 版权所有